000 00376pab a2200157 454500
008 180718b2010 xxu||||| |||| 00| 0 eng d
100 _aSarkar, Jayabrata
245 _aLosing the `dalit' plot in Sarvajan politics
260 _c2010
300 _ap.7-9.
362 _a10 Apr
650 _aPolitics and government
773 _aMainstream
908 _aN
909 _a85898
999 _c85898
_d85898